Analýza vzťahov medzi dvojicami výmenných kurzov

Otestovanie existencie Grangerovej kauzality medzi výmennými kurzami národných mien krajín V4 voči euru a výmenným kurzom USD/EUR. Metodologické aspekty využitia Grangerovho testu kauzality. Charakteristika údajov použitých na analýzu. Testovanie existencie kointegrácie.

Na minha lista:
Detalhes bibliográficos
Autor principal: Chocholatá, Michaela, 1977-
Formato: Capítulo de Livro
Idioma:eslovaco
Assuntos:
Tags: Adicionar Tag
Sem tags, seja o primeiro a adicionar uma tag!

MARC

LEADER 00000nla$a2200000$$$4500
001 0114448
005 20240502072257.3
041 0 |a slo 
044 |a SK 
245 1 0 |a Analýza vzťahov medzi dvojicami výmenných kurzov  |c Michaela Chocholatá 
520 |a Otestovanie existencie Grangerovej kauzality medzi výmennými kurzami národných mien krajín V4 voči euru a výmenným kurzom USD/EUR. Metodologické aspekty využitia Grangerovho testu kauzality. Charakteristika údajov použitých na analýzu. Testovanie existencie kointegrácie. 
610 2 0 |a výskum operačný 
610 2 0 |a testy 
610 2 0 |a mena 
610 2 0 |a euro 
610 2 0 |a dolár 
610 2 0 |a kurz výmenný 
610 2 0 |a analýzy 
100 1 |a Chocholatá, Michaela, 1977-